Municipal and rural sanitation (Record no. 12109)

000 -LEADER
fixed length control field 00625nam a22002171 4500
001 - CONTROL NUMBER
control field 12109
003 - CONTROL NUMBER IDENTIFIER
control field BD-DhUET
008 - FIXED-LENGTH DATA ELEMENTS--GENERAL INFORMATION
fixed length control field 720914s1965 nyua b 000 0 eng
040 ## - CATALOGING SOURCE
Original cataloging agency DLC
Transcribing agency DLC
Modifying agency BD-DhUET
082 ## - DEWEY DECIMAL CLASSIFICATION NUMBER
Classification number 628
Item number EHL/1965
100 ## - MAIN ENTRY--PERSONAL NAME
Personal name Ehlers, Victor M.
245 10 - TITLE STATEMENT
Title Municipal and rural sanitation
250 ## - EDITION STATEMENT
Edition statement 6th ed.
260 ## - PUBLICATION, DISTRIBUTION, ETC. (IMPRINT)
Place of publication, distribution, etc. New Delhi
Name of publisher, distributor, etc. Tata McGraw-Hill
Date of publication, distribution, etc. 1965
300 ## - PHYSICAL DESCRIPTION
Extent xiv, 663 p.
Other physical details ill.
Dimensions 24 cm.
490 0# - SERIES STATEMENT
Series statement McGraw-Hill series in sanitary science and water resources engineering
504 ## - BIBLIOGRAPHY, ETC. NOTE
Bibliography, etc Includes bibliographies
650 #0 - SUBJECT ADDED ENTRY--TOPICAL TERM
Topical term or geographic name as entry element Sanitary engineering
700 ## - ADDED ENTRY--PERSONAL NAME
Personal name Steel, Ernest W.
942 ## - ADDED ENTRY ELEMENTS (KOHA)
Koha item type General Book
Holdings
Koha normalized classification for sorting Piece designation (barcode) Shelving location Koha date last seen Lost status Koha item type Location (home branch) Damaged status Koha full call number Source of classification or shelving scheme Sublocation or collection (holding branch) Not for loan Date acquired Withdrawn status Price effective from Copy number
628_000000000000000_EHL_196554823Circulation section2015-02-23 General BookCentral Library, BUET 628/EHL/1965 Central Library, BUET 2015-02-23 2015-02-231
628_000000000000000_EHL_196557340Circulation section2015-05-06 General BookCentral Library, BUET 628/EHL/1965 Central Library, BUET 2015-05-06 2015-05-062
628_000000000000000_EHL_196557341Circulation section2015-05-06 General BookCentral Library, BUET 628/EHL/1965 Central Library, BUET 2015-05-06 2015-05-063
628_000000000000000_EHL_195842726Circulation section2015-05-07 General BookCentral Library, BUET 628/EHL/1958 Central Library, BUET 2015-05-07 2015-05-074
628_000000000000000_EHL_196519515Circulation section2015-05-07 General BookCentral Library, BUET 628/EHL/1965 Central Library, BUET 2015-05-07 2015-05-075
628_000000000000000_EHL_196520785Circulation section2015-05-07 General BookCentral Library, BUET 628/EHL/1965 Central Library, BUET 2015-05-07 2015-05-076
628_000000000000000_EHL_196519514Circulation section2015-05-07 General BookCentral Library, BUET 628/EHL/1965 Central Library, BUET 2015-05-07 2015-05-077
628_000000000000000_EHL_196525851Circulation section2015-05-07 General BookCentral Library, BUET 628/EHL/1965 Central Library, BUET 2015-05-07 2015-05-078
628_000000000000000_EHL_196520784Circulation section2015-05-07 General BookCentral Library, BUET 628/EHL/1965 Central Library, BUET 2015-05-07 2015-05-079